00588 2200229 4500001002100000005001700021008004100038035002400079090001500103100001800118245005200136250001100188260002700199300002300226650003500249850001300284980001300297985000600310986001200316999001500328999001500343YOGYA-0209000001949420090227023003.0 ind  0010-020900000019494 a353bDas I aDASAR, Suroso aIndonesia dilema tak kunjung redacSuroso Dasar aCet. 1 aBandungbAngkasac1984 aix, 134 hlmc21 cm aKeluarga berencana - Indonesia aYOPDYOGB a22-03-06 a2 aPKL-ATM a94P0054352 a94P0053451